000 00557nam a2200205Ia 4500
005 20250923150201.0
008 008 250917s9999 xx 000 0 eng d
037 _aTextual
040 _aDSWL
_beng
_cDSWL
041 _aeng
_2eng
084 _qDSWL
100 _aBarak, Gregg
_9843153
245 0 _aViolence and non-violence : Pathways to understanding
_cby Gregg Barak
260 _aNew Delhi
_b Sage Publications
_c2003
300 _a341p.
365 _aUSD
_b50 . 95
925 _g50 . 95
942 _cTEXL
999 _c1460537
_d1460537